|
|
|
|
| LEADER |
01957nam a2200469 a 4500 |
| 001 |
nkc20092011470 |
| 003 |
CZ PrNK |
| 005 |
20100506124133.0 |
| 007 |
ta |
| 008 |
091119s2009 xr a e f 000 0 cze |
| 015 |
|
|
|a cnb002011470
|
| 020 |
|
|
|a 978-80-7417-018-8
|q (brož.)
|
| 035 |
|
|
|a (OCoLC)551390673
|
| 040 |
|
|
|a BOA001
|b cze
|d ABA001
|
| 041 |
0 |
|
|a cze
|b eng
|
| 072 |
|
7 |
|a 631
|x Zemědělství. Pedologie. Agrotechnika. Agroekologie
|2 Konspekt
|9 24
|
| 080 |
|
|
|a 582.916.16
|2 MRF
|
| 080 |
|
|
|a 631.53.02
|2 MRF
|
| 080 |
|
|
|a (072)
|2 MRF
|
| 100 |
1 |
|
|a Bezděčková, Lena,
|d 1960-
|7 xx0069318
|4 aut
|
| 245 |
1 |
0 |
|a Metodický postup pro sběr, zpracování, skladování, předosevní přípravu a hodnocení kvality semen ptačího zobu obecného :
|b recenzovaná metodika /
|c Lena Bezděčková, Jana Řezníčková, Zdeňka Procházková
|
| 260 |
|
|
|a Strnady :
|b Výzkumný ústav lesního hospodářství a myslivosti,
|c 2009
|
| 300 |
|
|
|a 20 s. :
|b il. (převážně barev.) ;
|c 21 cm
|
| 490 |
1 |
|
|a Lesnický průvodce ;
|v 9/2009
|
| 500 |
|
|
|a Na rubu tit. s. chybné označení sv. edice 9/2008
|
| 504 |
|
|
|a Obsahuje bibliografii
|
| 546 |
|
|
|a Anglické resumé
|
| 650 |
0 |
7 |
|a ptačí zob obecný
|7 ph559695
|2 czenas
|
| 650 |
0 |
7 |
|a semenářství
|7 ph125478
|2 czenas
|
| 650 |
0 |
9 |
|a Ligustrum vulgare
|2 eczenas
|
| 650 |
0 |
9 |
|a seed growing
|2 eczenas
|
| 655 |
|
7 |
|a metodické příručky
|7 fd132826
|2 czenas
|
| 655 |
|
9 |
|a methodological manuals
|2 eczenas
|
| 700 |
1 |
|
|a Řezníčková, Jana,
|d 1983-
|7 mzk2009539408
|4 aut
|
| 700 |
1 |
|
|a Procházková, Zdeňka,
|d 1949-
|7 jx20070824014
|4 aut
|
| 830 |
|
0 |
|a Lesnický průvodce
|0 s
|
| 856 |
4 |
1 |
|u http://www.digitalniknihovna.cz/mzk/uuid/uuid:852141f0-6d87-11e5-b4b4-005056827e51
|y Digitalizovaný dokument
|x NDK
|
| 910 |
2 |
|
|a BOA001
|b 2-1233.846
|
| 990 |
|
|
|a BK
|
| 995 |
|
|
|a 01
|
| 991 |
|
|
|b 201002
|c NOV
|
| 996 |
6 |
|
|b 2610405598
|c 2-1233.846
|l MZK
|r Sklad / do 1 hodiny
|n 0
|p p.v.
|w 001104190
|u 000010
|a 1
|e BOA001
|j MZK50
|s P
|